[Event "Tenerife-chT Preferente 1516"]
[Site "Tenerife"]
[Date "2016.01.09"]
[Round "3.2"]
[White "Machin Arbelo, Pedro Alexis"]
[Black "Perez Felipe, Marcos Adrian"]
[Result "0-1"]
[WhiteElo "2011"]
[BlackElo "2158"]
[PlyCount "76"]
[EventDate "2015.12.12"]
[EventType "team-tourn"]
[EventRounds "14"]
[EventCountry "ESP"]
[SourceTitle "CBM 170 Extra"]
[Source "ChessBase"]
[SourceDate "2016.02.25"]
[SourceVersion "1"]
[SourceVersionDate "2016.02.25"]
[SourceQuality "1"]
[WhiteTeam "La Gomera"]
[BlackTeam "Casa de Venezuela Ebano"]
[WhiteTeamCountry "ESP"]
[BlackTeamCountry "ESP"]

1. d4 Nf6 2. Nc3 d5 3. Bf4 e6 4. e3 Be7 5. Bd3 c5 6. h3 a6 7. dxc5 Bxc5 8. Nf3 Nbd7 9. a3 Be7 10. b4 b6 11. e4 Bb7 12. e5 Ne4 13. Ne2 a5 14. Rb1 g5 15. Be3 axb4 16. axb4 Qc7 17. 0-0 h5 18. Bxe4 g4 19. hxg4 dxe4 20. Nh2 0-0-0 21. Qc1 hxg4 22. Rb3 Nxe5 23. Rc3 Nc4 24. Bf4 Bd6 25. Bxd6 Rxd6 26. Qf4 b5 27. Nxg4 f5 28. Ne3 Qh7 29. f3 Qc7 30. Nxc4 bxc4 31. Rxc4 Qxc4 32. Qxd6 exf3 33. Qe5 Rg8 34. Nf4 Rg4 35. Qxe6+ Qxe6 36. Nxe6 Rxg2+ 37. Kh1 f2 38. Nc5 Rg1+ 0-1

[Event "Tenerife-chT Preferente 1516"]
[Site "Tenerife"]
[Date "2015.12.19"]
[Round "2.1"]
[White "Machin Arbelo, Pedro Alexis"]
[Black "Ramirez Alvarez, Roberto"]
[Result "1/2-1/2"]
[WhiteElo "2011"]
[BlackElo "1991"]
[PlyCount "47"]
[EventDate "2015.12.12"]
[EventType "team-tourn"]
[EventRounds "14"]
[EventCountry "ESP"]
[SourceTitle "CBM 170 Extra"]
[Source "ChessBase"]
[SourceDate "2016.02.25"]
[SourceVersion "1"]
[SourceVersionDate "2016.02.25"]
[SourceQuality "1"]
[WhiteTeam "La Gomera"]
[BlackTeam "Canarias 64"]
[WhiteTeamCountry "ESP"]
[BlackTeamCountry "ESP"]

1. e4 d5 2. exd5 Qxd5 3. d4 Nf6 4. Nf3 Bg4 5. Be2 e6 6. h3 Bh5 7. 0-0 Be7 8. Bf4 Qd8 9. Re1 0-0 10. Nbd2 Nbd7 11. c3 c5 12. g4 Bg6 13. Ne5 cxd4 14. Nxg6 hxg6 15. cxd4 Nd5 16. Bh2 Rc8 17. Nc4 Rc6 18. a3 b5 19. Ne3 Nxe3 20. fxe3 Qb6 21. Bf3 Rc4 22. Be2 Rc6 23. Bf3 Rc4 24. Be2 1/2-1/2

[Event "Tenerife-chT Preferente"]
[Site "Tenerife"]
[Date "2015.06.06"]
[Round "14.2"]
[White "Machin Arbelo, Pedro Alexis"]
[Black "Andersson, Rikard"]
[Result "1/2-1/2"]
[WhiteElo "1996"]
[BlackElo "2178"]
[PlyCount "112"]
[EventDate "2015.01.24"]
[EventType "swiss"]
[EventRounds "14"]
[EventCountry "ESP"]
[SourceTitle "EXT 2024"]
[Source "ChessBase"]
[SourceDate "2023.10.10"]
[SourceVersion "1"]
[SourceVersionDate "2023.10.10"]
[SourceQuality "1"]
[WhiteTeam "La Gomera"]
[BlackTeam "El Sauzal Libreria Barco"]
[WhiteTeamCountry "ESP"]
[BlackTeamCountry "ESP"]

1. e4 Nc6 2. d4 e5 3. d5 Nce7 4. Nc3 Ng6 5. Nf3 Nf6 6. Bd3 Bb4 7. Bd2 0-0 8. h4 d6 9. h5 Bxc3 10. bxc3 Nf4 11. Bxf4 exf4 12. Qd2 Re8 13. Kf1 Nxe4 14. Qxf4 Qf6 15. Qxf6 Nxf6 16. h6 g6 17. c4 Bd7 18. Rb1 b6 19. Rh4 Re7 20. Re1 Rae8 21. Rxe7 Rxe7 22. Nd4 Ng4 23. Nb5 Bxb5 24. cxb5 f5 25. f3 Ne3+ 26. Kg1 Kf8 27. Ra4 Nxd5 28. Rxa7 Nf4 29. Bc4 d5 30. Bd3 Kf7 31. Kf2 Ke6 32. Bf1 Kd6 33. Ra8 Ne6 34. c3 Ng5 35. a4 Nf7 36. a5 bxa5 37. Rxa5 Nxh6 38. Ra6+ Ke5 39. g3 f4 40. gxf4+ Kxf4 41. Ra4+ Ke5 42. f4+ Kf6 43. Bg2 Ng4+ 44. Kg3 Ne3 45. Bh3 Nf5+ 46. Kf2 Nd6 47. Ra6 Kf7 48. b6 cxb6 49. Rxb6 Ne4+ 50. Kf3 Nxc3 51. Rd6 h5 52. Bf1 Nd1 53. Bb5 h4 54. Rxd5 Re3+ 55. Kg4 Nc3 56. Rd3 Rg3+ 1/2-1/2

[Event "Tenerife-chT Preferente"]
[Site "Tenerife"]
[Date "2015.05.16"]
[Round "12.2"]
[White "Machin Arbelo, Pedro Alexis"]
[Black "Lestao Balseiro, Adrian"]
[Result "1-0"]
[WhiteElo "1996"]
[BlackElo "2232"]
[PlyCount "85"]
[EventDate "2015.01.24"]
[EventType "swiss"]
[EventRounds "14"]
[EventCountry "ESP"]
[SourceTitle "EXT 2024"]
[Source "ChessBase"]
[SourceDate "2023.10.10"]
[SourceVersion "1"]
[SourceVersionDate "2023.10.10"]
[SourceQuality "1"]
[WhiteTeam "La Gomera"]
[BlackTeam "Rey Ahogado"]
[WhiteTeamCountry "ESP"]
[BlackTeamCountry "ESP"]

1. e4 e5 2. Nf3 Nc6 3. Bc4 Nf6 4. Ng5 d5 5. exd5 Na5 6. Bb5+ c6 7. dxc6 bxc6 8. Qf3 Be7 9. Bd3 0-0 10. 0-0 g6 11. Re1 Ng4 12. h3 Nxf2 13. Qxf2 Bxg5 14. Rxe5 Bf6 15. Re4 c5 16. Qf1 Bb7 17. Rg4 Bd4+ 18. Kh1 f5 19. Rf4 Be5 20. Nc3 Kh8 21. b3 Qg5 22. Rf3 Rfe8 23. Bb2 Rad8 24. Re1 Bd4 25. Ree3 Rxe3 26. Rxe3 Kg8 27. Nd1 Bxb2 28. Nxb2 f4 29. Re2 f3 30. gxf3 Qf6 31. Nc4 Bxf3+ 32. Kg1 Qd4+ 33. Rf2 Rd5 34. Ne3 Rg5+ 35. Ng4 h5 36. c3 Rxg4+ 37. hxg4 Qxg4+ 38. Rg2 Bxg2 39. Qxg2 Qxg2+ 40. Kxg2 Kf7 41. Be4 c4 42. b4 g5 43. Bd5+ 1-0